Descripciones de suelos: estudio agrológico de los Valles de Aconcagua, Putaendo, Ligua y Petorca. V Región
Сохранить в:
| Соавтор: | |
|---|---|
| Формат: | |
| Язык: | испанский |
| Опубликовано: |
Santiago
CIREN-CORFO
1985
|
| Серии: | Publicación CIREN, 50
|
| Предметы: | |
| Метки: |
Добавить метку
Нет меток, Требуется 1-ая метка записи!
|
MARC
| LEADER | 00000nam a2200000 a 4500 | ||
|---|---|---|---|
| 001 | UCV7142 | ||
| 003 | CL-VaPUC | ||
| 008 | 880909e19850000CL |||||||||||||||||spa|d | ||
| 082 | 0 | 4 | |a 631.47 |b CEN |2 21 |
| 110 | 2 | |a Centro de Información de Recursos Naturales |e author |9 301167 | |
| 245 | 1 | 0 | |a Descripciones de suelos: estudio agrológico de los Valles de Aconcagua, Putaendo, Ligua y Petorca. V Región |
| 300 | |a 317 p | ||
| 942 | |c BK | ||
| 945 | |d 19880909 00:00:00 | ||
| 260 | |a Santiago |b CIREN-CORFO |c 1985 | ||
| 650 | 0 | |a Suelos |9 260322 | |
| 651 | 7 | |a QUINTA REGION, CHILE |2 CL-VaPUC |9 261129 | |
| 583 | |a last modification |c 19880909 00:00:00 |k Rodrigo Vera | ||
| 490 | 0 | |a Publicación CIREN, 50 | |
| 999 | |c 212871 |d 212869 | ||
| 952 | |0 0 |1 0 |4 0 |6 631_470000000000000_CEN_1985 |7 0 |8 A |9 194666 |a BIBAGR |b BIBAGR |d 2019-11-14 |i 2628236 |o 631.47 CEN 1985 |p 2628236 |r 2025-01-20 |w 2019-11-14 |y BK |k AGR | ||
| 952 | |0 0 |1 0 |4 0 |6 631_470000000000000_CEN_1985 |7 0 |8 A |9 194667 |a BIBAGR |b BIBAGR |d 2019-11-14 |i 2628244 |o 631.47 CEN 1985 |p 2628244 |r 2025-01-20 |w 2019-11-14 |y BK |k AGR | ||
| 952 | |0 0 |1 0 |4 0 |6 631_470000000000000_CEN_1985 |7 0 |8 A |9 194668 |a BIBAGR |b BIBAGR |d 2019-11-14 |i 3539474 |l 3 |o 631.47 CEN 1985 |p 3539474 |r 2025-01-20 |s 2021-11-04 |w 2019-11-14 |y BK |k AGR | ||
| 952 | |0 0 |1 0 |4 0 |6 631_470000000000000_CEN_1985 |7 0 |8 A |9 194669 |a BIBAGR |b BIBAGR |d 2019-11-14 |i 3539482 |l 1 |o 631.47 CEN 1985 |p 3539482 |r 2025-01-20 |s 2021-08-20 |w 2019-11-14 |y BK |k AGR | ||